Trends in public expenditures in the next decade ; a supplementary paper of the Committee for Economic Development.

Bibliographic Details
Main Author: Eckstein, Otto
Corporate Author: Committee for Economic Development
Format: Book
Language:English
Published: [New York] : [Committee for Economic Development], [1959]
Subjects:

MARC

Tag First Indicator Second Indicator Subfields
LEADER 00000cam a22000001 4500
001 in00000060159
005 20151008051606.0
008 790416s1959 nyua 00000 eng
010 |a  59011046  
035 |a (OCoLC)02271916 
035 |9 AAG8852AM 
040 |a DLC  |c DLC  |d TXA  |d UtOrBLW 
043 |a n-us--- 
049 |a TXAM  |c [416743] 
050 0 0 |a HJ2051  |b .E3 
082 0 |a 336.73 
092 |a 336.73  |b E19t 
100 1 |a Eckstein, Otto. 
245 1 0 |a Trends in public expenditures in the next decade ;  |b a supplementary paper of the Committee for Economic Development. 
264 1 |a [New York] :  |b [Committee for Economic Development],  |c [1959] 
300 |a 56 pages :  |b illustrations ;  |c 23 cm. 
336 |a text  |b txt  |2 rdacontent 
337 |a unmediated  |b n  |2 rdamedia 
338 |a volume  |b nc  |2 rdacarrier 
651 0 |a United States  |x Appropriations and expenditures. 
710 2 |a Committee for Economic Development. 
999 |a MARS 
999 f f |s 4280a3ac-bf5f-37ae-825c-a1c1439e90b2  |i be09f010-da7c-345c-809d-0f166d73eb02  |t 0 
952 f f |p ric  |a Texas A&M University  |b Rellis Campus  |c Joint Library Facility  |d Remote Storage  |t 0  |e HJ2051 .E3  |h Library of Congress classification  |i unmediated -- volume  |m A14800751967 
998 f f |a HJ2051 .E3  |t 0  |l Remote Storage